书目信息 |
| 题名: |
隋书故事选
|
|
| 作者: | 施昀 , 隋焘 编著 | |
| 分册: | ||
| 出版信息: | 北京 人民文学出版社 1991 |
|
| 页数: | 283页 | |
| 开本: | 19cm | |
| 丛书名: | 二十五史故事丛编 | |
| 单 册: | ||
| 中图分类: | K209 , I211 | |
| 科图分类: | ||
| 主题词: | 历史故事--中国--现代--选集 , 历史故事 , 文学--作品集--中国 | |
| 电子资源: | ||
| ISBN: | ||
| 000 | 00820oam2 2200301 450 | |
| 001 | 1538360680 | |
| 005 | 20170927132815.29 | |
| 010 | @dCNY2.80 | |
| 100 | @a19920513d1991 em y0chiy0110 ea | |
| 101 | 0 | @achi |
| 102 | @aCN@b110000 | |
| 105 | @ay z 000zy | |
| 200 | 1 | @a隋书故事选@9sui shu gu shi xuan@f施 昀,隋 焘编著 |
| 210 | @a北京@c人民文学出版社@d1991 | |
| 215 | @a283页@d19cm | |
| 225 | 2 | @a二十五史故事丛编@f张巨才,柳弓田主编 |
| 461 | 0 | @12001 @a二十五史故事丛编 |
| 605 | @a隋书@x通俗读物 | |
| 605 | @2CT@3S900631@a隋书 | |
| 606 | 0 | @a历史故事@y中国@z现代@x选集 |
| 606 | 0 | @a历史故事 |
| 606 | 0 | @a文学@x作品集@x中国 |
| 690 | @aK209@v三版 | |
| 690 | @aI211@v4 | |
| 701 | 0 | @a施昀@9shi yun@4编著 |
| 701 | 0 | @a隋焘@9sui tao@4编著 |
| 801 | 0 | @aCN@bTSSF@c20150125 |
| 905 | @aZUCC@dI211@eJY67 | |
| 隋书故事选/施 昀,隋 焘编著.-北京:人民文学出版社,1991 |
| 283页;19cm.-(二十五史故事丛编/张巨才,柳弓田主编) |
| ISBN :CNY2.80 |
| ● |
| 相关链接 |
|
|
|
|
正题名:隋书故事选
索取号:I211/JY67
 
预约/预借
| 序号 | 登录号 | 条形码 | 馆藏地/架位号 | 状态 | 备注 |
| 1 | 7853836 | 278538361 | 学院路分馆/ [索取号:I211/JY67] | 在馆 | |
| 2 | 7853846 | 278538469 | 学院路分馆/ [索取号:I211/JY67] | 在馆 |